Los clásicos griegos de Miranda: autobiografía

Na minha lista:
Detalhes bibliográficos
Autor principal: García Bacca, Juan David (Autor)
Formato: Livro
Idioma:espanhol
Publicado em: Caracas Biblioteca de la Universidad Central de Venezuela 1969
Assuntos:
Tags: Adicionar Tag
Sem tags, seja o primeiro a adicionar uma tag!

MARC

LEADER 00000nam a2200000 a 4500
001 UCY5152
003 CL-VaPUC
008 950413e19690000VE |||||||||||||||||spa|d
082 0 4 |a 920.91  |b GAR  |2 21 
100 |a García Bacca, Juan David  |e author  |9 571593 
245 1 4 |a Los clásicos griegos de Miranda: autobiografía 
300 |a 127 p 
942 |c BK 
945 |d 19950413 00:00:00  |a oaravena 
260 |a Caracas  |b Biblioteca de la Universidad Central de Venezuela  |c 1969 
600 0 |a Miranda, Francisco de,  |d 1750-1816  |9 331375 
650 0 |a Biografías  |9 255210 
583 |a last modification  |c 19950413 00:00:00  |k Rodrigo Vera 
999 |c 232867  |d 232865 
952 |0 0  |1 0  |4 0  |6 920_910000000000000_GAR_1969  |7 0  |8 A  |9 237816  |a BIBHIS  |b BIBHIS  |d 2019-11-18  |i 3076105  |o 920.91 GAR 1969  |p 3076105  |r 2025-01-20  |w 2019-11-18  |y BK  |k HIS